Представление документа в формате MARC21

ПолеНазваниеЗначение
  Тип записи a
  Библиографический уровень m
001 Контрольный номер RU/URAIT/585635
005 Дата корректировки 20260429163712.6
008 Кодируемые данные 260429s2026 RU y f j 000 0 rus u
020 Индекс ISBN __
a ISBN 978-5-534-08416-0
c Цена, тираж 1219.00
040 Источник каталогиз. __
a Служба первич. каталог. ИКО Юрайт
c Служба, преобразующая запись ИКО Юрайт
e Правила каталог. RCR
041 Код языка издания __
a Код языка текста rus
044 Код страны публикации __
a Код страны публикации RU
080 Индекс УДК __
a Индекс УДК 539.3(075.8)
084 Индекс другой классификации/Индекс ББК __
2 Источник индекса rubbk
a Индекс другой классификации/Индекс ББК 30.121я73
100 Автор __
a Автор Минин Л. С.
q Полное имя Минин Леонид Сергеевич
245 Заглавие __
a Заглавие Сопротивление материалов. Расчетные и тестовые задания
b Продолж. заглавия учебник для вузов
c Ответственность Л. С. Минин, Ю. П. Самсонов, В. Е. Хроматов ; под редакцией В. Е. Хроматова.
250 Сведения об издании __
g пер. и доп
a Основные сведения об издании 3-е изд.
256 Характеристики компьютерного файла __
a Характеристики компьютерного файла Электрон. дан.
260 Выходные данные __
a Место издания Москва
b Издательство Юрайт
c Дата издания 2026
300 Физическое описание __
a Объем 213 с
440 Серия __
a Серия Высшее образование
500 Примечания __
a Примечание URL: https://urait.ru/bcode/585635 (дата обращения: 29.04.2026).
520 Аннотация __
a Аннотация В данном учебном пособии представлены типовые расчетные задания и решения задач, охватывающих основные разделы курса «Сопротивление материалов». В книге представлены задачи и расчетные схемы к ним, каждая из которых может быть предложена студентам для самостоятельного решения с использованием произвольного варианта числовых данных, а также даны примеры решения задач в системе MathCAD. В приложении приведены основные сведения из математического обеспечения системы MathCAD, необходимые для решения задач пособия.
538 Прим. о системных особенностях __
a Прим. о системных особенностях Режим доступа: Электронно-библиотечная система Юрайт, для авториз. пользователей
653 Ключевые слова __
a Ключевые слова Материаловедение
653 Ключевые слова __
a Ключевые слова Технические науки
653 Ключевые слова __
a Ключевые слова Сопротивление материалов
653 Ключевые слова __
a Ключевые слова Механика (сопромат)
653 Ключевые слова __
a Ключевые слова Сопротивление материалов и теория прочности
653 Ключевые слова __
a Ключевые слова Сопротивление материалов и конструкций
653 Ключевые слова __
a Ключевые слова Механика. Сопротивление материалов
653 Ключевые слова __
a Ключевые слова Сопромат
653 Ключевые слова __
a Ключевые слова Основы материаловедения. Сопротивление материалов
653 Ключевые слова __
a Ключевые слова Сопротивление материалов (прикладная механика)
653 Ключевые слова __
a Ключевые слова Прикладная механика: сопротивление материалов
653 Ключевые слова __
a Ключевые слова Сопротивление материалов с основами теории упругости
653 Ключевые слова __
a Ключевые слова Техническая механика. Сопротивление материалов
700 Другие авторы __
a Другие авторы Самсонов Ю. П.
q Полное имя Самсонов Юрий Петрович
700 Другие авторы __
a Другие авторы Хроматов В. Е.
q Полное имя Хроматов Василий Ефимович
856 Электронный адрес документа 40
n Местонахождение сервера Юрайт
g Электронная книга
q Тип электронного формата html
h Имя пользователя ЮРАЙТ
v Часы доступа к ресурсу 20271231
2 Способ доступа Показать документ
x Служебное примечание https://urait.ru/book/cover/F6A2B739-B52A-4C92-A8BF-1B4968F109FE
u URL https://urait.ru/bcode/585635
856 Электронный адрес документа 48
q Тип электронного формата cover
u URL https://urait.ru/book/cover/F6A2B739-B52A-4C92-A8BF-1B4968F109FE
911 __
u 0030=https://urait.ru/bcode/585635
911 __
u 073a=9785534084160
u 073d=1219.00
911 __
u 106a=s
911 __
u 900l=
952 Тип литературы __
i Дисциплина Сопротивление материалов
952 Тип литературы __
i Дисциплина Механика (сопромат)
952 Тип литературы __
i Дисциплина Сопротивление материалов и теория прочности
952 Тип литературы __
i Дисциплина Сопротивление материалов и конструкций
952 Тип литературы __
i Дисциплина Механика. Сопротивление материалов
952 Тип литературы __
i Дисциплина Сопромат
952 Тип литературы __
i Дисциплина Основы материаловедения. Сопротивление материалов
952 Тип литературы __
i Дисциплина Сопротивление материалов (прикладная механика)
952 Тип литературы __
i Дисциплина Прикладная механика: сопротивление материалов
952 Тип литературы __
i Дисциплина Сопротивление материалов с основами теории упругости
952 Тип литературы __
i Дисциплина Техническая механика. Сопротивление материалов